| 000 | 00488nam a22001817a 4500 | ||
|---|---|---|---|
| 999 |
_c7553 _d7553 |
||
| 003 | OSt | ||
| 005 | 20211130104444.0 | ||
| 008 | 211130b ||||| |||| 00| 0 eng d | ||
| 040 | _cDDC | ||
| 082 | _a338.7 INT 1996 | ||
| 100 |
_aKibera, Francis N _915459 |
||
| 245 |
_aIntroduction to Business: _bA Kenyan Perspective. |
||
| 260 |
_aNairobi: _bKenya Literature Bureau; _c1996, |
||
| 300 |
_a435p; _c25cm. |
||
| 504 | _aIncludes Glossary. | ||
| 650 |
_aBusiness. _95310 |
||
| 942 |
_2ddc _cBOOK |
||